An introduction to econometrics / (Record no. 58145)
[ view plain ]
| 000 -LEADER | |
|---|---|
| fixed length control field | 00727nam a2200253 a 4500 |
| 001 - CONTROL NUMBER | |
| control field | 58145 |
| 003 - CONTROL NUMBER IDENTIFIER | |
| rucl marc code | BD-RjUL |
| 005 - DATE AND TIME OF LATEST TRANSACTION | |
| control field | 20211209080606.0 |
| 008 - FIXED-LENGTH DATA ELEMENTS--GENERAL INFORMATION | |
| fixed length control field | 161217s1974 enk b 001 0 eng |
| 020 ## - INTERNATIONAL STANDARD BOOK NUMBER | |
| International Standard Book Number | 0198770480 |
| Canceled/invalid ISBN | 0198770489 (pbk.) |
| Terms of availability | L.2.25 ($7.25 U.S.). |
| International Standard Book Number | 0198770489 |
| 035 ## - SYSTEM CONTROL NUMBER | |
| System control number | (BD-RjUL) 58269 |
| System control number | 212176 |
| 040 ## - CATALOGING SOURCE | |
| Original cataloging agency | LC |
| Language of cataloging | eng |
| Transcribing agency | LC |
| Modifying agency | BD-RjUL |
| 041 ## - LANGUAGE CODE | |
| Language code of text/sound track or separate title | eng |
| 082 04 - DEWEY DECIMAL CLASSIFICATION NUMBER | |
| Classification number | 330.015195 |
| Edition number | 23 |
| Author mark and year | SUA 1974 |
| 100 1# - MAIN ENTRY--PERSONAL NAME | |
| Personal name | Surrey, M. J. C. |
| 9 (RLIN) | 172714 |
| 245 13 - TITLE STATEMENT | |
| Title | An introduction to econometrics / |
| Statement of responsibility, etc. | M. J. C. Surrey. |
| 260 ## - PUBLICATION, DISTRIBUTION, ETC. (IMPRINT) | |
| Place of publication, distribution, etc. | Oxford : |
| Name of publisher, distributor, etc. | Clarendon Press, |
| Date of publication, distribution, etc. | 1974. |
| 300 ## - PHYSICAL DESCRIPTION | |
| Pagination | 71 p. ; |
| Size | 24 cm. |
| 504 ## - BIBLIOGRAPHY, ETC. NOTE | |
| Bibliography, etc | Includes bibliographies and index. |
| 650 #0 - SUBJECT ADDED ENTRY--TOPICAL TERM | |
| Topical term or geographic name as entry element | Econometrics. |
| 9 (RLIN) | 172571 |
| 942 ## - ADDED ENTRY ELEMENTS (KOHA) | |
| Source of classification or shelving scheme | Dewey Decimal Classification |
| Koha item type | Books |
| Lost status | Source of classification or shelving scheme | Damaged status | Not for loan | Collection code | Permanent Location | Current Location | Shelving location | Date acquired | Source of acquisition | Cost, normal purchase price | Total Checkouts | Full call number | Date last seen | Copy number | Koha item type |
|---|---|---|---|---|---|---|---|---|---|---|---|---|---|---|---|
| Dewey Decimal Classification | Not For Loan | Non-fiction | Central Library, University of Rajshahi | Central Library, University of Rajshahi | Rare Book Section | 09/10/1979 | Heffers. | 2.25 | 330.015195 SUA 1974 | 17/12/2016 | C-1 | Books |